000 00345cam a2200133ua 4500
020 _a8187433221
082 _a629.2
_bNAK/BA
100 _aNakra, C. P .
_91413
245 _aBasic Automobile Engineering /
250 _a3 / 7
260 _aNew Delhi :
_bDhanpat Rai Publishing Co. Pvt. Ltd. ,
_c1985, 2005
300 _a532 ;607
942 _cBK
999 _c11101
_d11101